Procedings: models and phenomenology for conventional and high-temperature superconductivity ed by G Iadonisi and others (Record no. 1211806)

MARC details
000 -LEADER
fixed length control field 01378nam a2200325Ia 4500
003 - CONTROL NUMBER IDENTIFIER
control field OSt
005 - DATE AND TIME OF LATEST TRANSACTION
control field 20221007123406.0
008 - FIXED-LENGTH DATA ELEMENTS--GENERAL INFORMATION
fixed length control field 221006b |||||||| |||| 00| 0 eng d
020 ## - INTERNATIONAL STANDARD BOOK NUMBER
International Standard Book Number 9051994664 (hbd)
037 ## - SOURCE OF ACQUISITION
Terms of availability Textual
040 ## - CATALOGING SOURCE
Original cataloging agency PAPL
Transcribing agency PAPL
Language of cataloging eng
041 ## - LANGUAGE CODE
Source of code eng
Language code of text/sound track or separate title eng
100 ## - MAIN ENTRY--PERSONAL NAME
Personal name Iadonisi G Ed
9 (RLIN) 717173
111 ## - MAIN ENTRY--MEETING NAME
Meeting name or jurisdiction name as entry element The international school of physics^gVilla Monastero^i24 June- 4 July, 1997
9 (RLIN) 717174
245 #0 - TITLE STATEMENT
Title Procedings: models and phenomenology for conventional and high-temperature superconductivity ed by G Iadonisi and others
Remainder of title Schrieffer R Ed Chiofalo M L Ed
260 ## - PUBLICATION, DISTRIBUTION, ETC.
Place of publication, distribution, etc. Amsterdam
Name of publisher, distributor, etc. IOS Press
Date of publication, distribution, etc. 1998
300 ## - PHYSICAL DESCRIPTION
Extent xii, 505p
Dimensions cm.
500 ## - GENERAL NOTE
General note Includes bibliographical references; ^n23/CSL/CARPA/2002-2003/279^d2003-03-28^mPurchase; ; 2002-03/842^b2003-03-28^c379^d2003-03-28^eRs.17,937.00^fUnilib Book Distributors; ; 2003-05-30^bSB^c2003-10-04^dJindal
650 ## - SUBJECT ADDED ENTRY--TOPICAL TERM
Topical term or geographic name entry element Superconductivity
9 (RLIN) 642647
650 ## - SUBJECT ADDED ENTRY--TOPICAL TERM
Topical term or geographic name entry element High temperature physics,
9 (RLIN) 717175
650 ## - SUBJECT ADDED ENTRY--TOPICAL TERM
Topical term or geographic name entry element Physics
700 ## - ADDED ENTRY--PERSONAL NAME
Personal name Chiofalo M L Ed
9 (RLIN) 717176
700 ## - ADDED ENTRY--PERSONAL NAME
Personal name Schrieffer R Ed
9 (RLIN) 717177
942 ## - ADDED ENTRY ELEMENTS (KOHA)
Classification part C9D8,6:21p1,N97, N8
Koha item type Textual
Source of classification or shelving scheme Colon Classification (CC)
Holdings
Withdrawn status Lost status Source of classification or shelving scheme Damaged status Not for loan Home library Current library Date acquired Source of acquisition Total Checkouts Full call number Barcode Date last seen Price effective from Koha item type
    Colon Classification (CC)     Department of Physics and Astrophysics Library Department of Physics and Astrophysics Library 2022-10-07 Unilib,   C9D8,6:21p1,N97 N8 PA0005388 2022-10-07 2022-10-07 Textual
Copyright @ Delhi University Library System